000 00866nam a22001697a 4500
003 OSt
005 20251124145450.0
008 251124b |||||||| |||| 00| 0 eng d
040 _cDCL
082 _a၂၉၄.၃၈၂၃၅၁၄
130 _aတိပိဋက။
_n သုတ္တန္တပိဋက။
_pခုဒ္ဒကနိကာယ။
_tသုတ္တနိပါတ၊
_lအဋ္ဌကထာ။
245 1 0 _aသုတ္တနိပါတဋ္ဌကထာ၊
_nဒုတိယတွဲ ။
264 _aရန်ကုန် ၊
_bနိုင်ငံတော်ဗုဒ္ဓသာသနာအဖွဲ့၊
_c၁၉၅၈။
300 _a၄၁၅ စာမျက်နှာ ၊
_c၂၅ စင်တီ။
650 _aသုတ္တနိပါတ
_vအဋ္ဌကထာ။
942 _2ddc
_cSHORT TERM
_n0
999 _c2596
_d2596